000 00548nam a2200205Ia 4500
001 8925
003 GE_BSU
008 181216s||||||||xx |||||||||||||| ||und||
040 _cGE_BSU
080 _a821.353.1–1
100 _aკაჭახიძე,გიორგი
245 _aლექსები
245 _cრედ.ს.თურმანიძე
260 _aტფილისი
260 _bფედერაცია
260 _c1936
300 _a85გვ.18სმ.
653 _aლექსები
942 _cBK
999 _c42230
_d42230